Súkromné zdravotné poisťovne chcú odborne diskutovať

Bibliographic Details
Format: Article
Language:Slovak
ISSN:1335-4477
Subjects:

MARC

LEADER 00000nab a2200000 a 4500
001 vtls008943642
003 SK-MaSNL
005 20260303070923.0
008 140303c2007 xo wrzp 0 0slo
015 |a SNBRB2007/02  |2 snkbucl 
040 |a SNKBUCL  |b slo  |c SNKBUCL  |e AACR2 
041 0 |a slo 
044 |a xo  |c SK 
080 |a 368.032  |x (437.6)  |2 1997 
080 |a 368.942  |x (437.6)  |2 1997 
245 0 0 |a Súkromné zdravotné poisťovne chcú odborne diskutovať  |c [autor] (bj) 
610 2 7 |a Združenie zdravotných poisťovní Slovenskej republiky  |2 snkbucl  |9 848428 
650 0 7 |a súkromné zdravotné poistenie  |2 snkbucl  |9 1068959 
650 0 7 |a zdravotné poistenie  |2 snkbucl  |9 28257 
773 0 |t Zdravotnícke noviny  |g Roč. XII, č. 5 (2007), s. 5  |x 1335-4477 
852 |a SNK  |b KIS3GCP 
958 |a MI 
958 |a SK 
999 |c 1757526  |d 1759456